| 000 | 00532nam a22001937a 4500 | ||
|---|---|---|---|
| 005 | 20260224151624.0 | ||
| 008 | 260224b |||||||| |||| 00| 0 eng d | ||
| 020 | _a978-1 -2921-6223--2 | ||
| 050 | _aS 591.W45 2017 | ||
| 100 | _aWEIL.R RAY | ||
| 245 | _aTHE NATURE AND PROPERTIES OF SOILS | ||
| 250 | _a15TH EDITION | ||
| 260 |
_aHARLOW _bPEARSON EDUCATION _c2017 |
||
| 300 | _aINCLUDES APPENDIX GLOSSARY INDEX | ||
| 500 | _a1104P | ||
| 650 | _aNATURE AND PROPERTIES OF SOILS | ||
| 700 | _aBRADY,NYLE C | ||
| 942 |
_2lcc _cBK |
||
| 999 |
_c216616 _d216616 |
||